| 000 | 01503nam1a2200361 i 4500 | ||
|---|---|---|---|
| 001 | RU\NLR\BIBL_A\012697009 | ||
| 005 | 20260406134411.0 | ||
| 010 | _a9785090879934 | ||
| 035 | _a(NLR Aleph) 012697009 | ||
| 090 |
_a12865615 _c12865615 |
||
| 100 | _a20220131g2022 c y0rusy50 ca | ||
| 101 | 0 | _arus | |
| 102 | _aRU | ||
| 105 | _a||||j|||||||| | ||
| 181 | 0 |
_ai3 _baxxe |
|
| 182 | 0 | _an | |
| 200 | 1 |
_aМатематика _e2 класс _eучебник для общеобразовательных организаций _eв двух частях _fГ. В. Дорофеев, Т. Н. Миракова, Т. Б. Бука |
|
| 203 |
_aТекст _bвизуальный _cнепосредственный |
||
| 205 | _a15-е изд., стер. | ||
| 210 |
_aМосква _cПросвещение _d2022 [т. е. 2021] |
||
| 215 | _d26 | ||
| 225 | 1 | _aПерспектива | |
| 300 | _aКн. фактически изд. в 2021 г. | ||
| 313 | _a12-е изд. 2019 г. | ||
| 606 | 1 |
_aМатематика _jУчебники для начальной школы _9922118 _3RU\NLR\AUTH\6619329 |
|
| 686 | 3 | _aВ10я711-1 | |
| 700 | 1 |
_8rus _7ca _aДорофеев _bГ. В. _f1938-2008 _gГеоргий Владимирович _3RU\NLR\AUTH\772205 _9112221 |
|
| 701 | 1 |
_aМиракова _bТ. Н. _gТатьяна Николаевна |
|
| 701 | 1 |
_aБука _bТ. Б. _gТатьяна Борисовна |
|
| 852 |
_aNLR _j2022-7/744 |
||
| 942 | _cBOOK | ||